00885 2200229 4500001002100000005001700021008004100038035002500079040001200104082001500116084002000131100002000151245026600171260005800437300003100495500003200526504002800558650002000586700001900606850001200625990001800637INLIS00000000001010120150813145901.0  a0010-081500000001539 aYOPDYOG 223a616.92 aSK 616.92 Sar T aSARI Dwi Astuti aTingkat pengetahuan warga tentang program 3M (menguras, menutup, mengubur) dan tingkat pelaksanaannya dalam upaya pencegahan penyakit demam berdarah dengue pada daerah endemik dan non endemik di puskesmas Wirobrajan Daerah Istimewa Yogyakartac/ Sari Dwi Astuti aYogyakartabUniversitas Muhammadiyah Yogyakartac2007 axiii, 39 lembarc; 29,5 cm aSkripsi Fakultas Kedokteran aBibliografi: hlm. 38-39 aDeman--Berdarah aH. KUSBARYANTO aYOPDYOG a48140-PD/A.15